000 00709nam a22002177a 4500
003 OSt
005 20250718075348.0
008 250718b |||||||| |||| 00| 0 eng d
020 _a 9789719968325
040 _aDWCL-Main lib
_cOC
082 _aFil. 001.42 C745r 2013
100 _aCristobal, Amadeo Pangilinan
245 _a Research made easier :
_ba step-by-step process/
_cAmadeo Pangilinan Cristobal Jr.
260 _aQuezon City :
_bC & E Publishing,
_cc2013.
300 _a xi, 285 pages ;
_c22 cm.
504 _aIncludes bibliographical references
650 _a1. Research report writing.
650 _a2. Research--Methodology.
650 _a3. Research.
942 _2ddc
_cBK - FIL
_kFil.
_n0
999 _c3771
_d3771